al-Shaykh ʻīsá, (Record no. 47027)
[ view plain ]
| 000 -LEADER | |
|---|---|
| fixed length control field | 00818cam a22002291 4500 |
| 001 - CONTROL NUMBER | |
| control field | ne 64001233 |
| 003 - CONTROL NUMBER IDENTIFIER | |
| control field | DLC |
| 005 - DATE AND TIME OF LATEST TRANSACTION | |
| control field | 20260227111800.0 |
| 008 - FIXED-LENGTH DATA ELEMENTS--GENERAL INFORMATION | |
| fixed length control field | 870505s1962 au ab 000 0 arar |
| 010 ## - LIBRARY OF CONGRESS CONTROL NUMBER | |
| LC control number | ne 64001233 |
| 025 ## - OVERSEAS ACQUISITION NUMBER | |
| Overseas acquisition number | PL480: UAR-3032 |
| 035 ## - SYSTEM CONTROL NUMBER | |
| System control number | (OCoLC)23514840 |
| 040 ## - CATALOGING SOURCE | |
| Original cataloging agency | DLC |
| Transcribing agency | MiU |
| Modifying agency | DLC |
| 042 ## - AUTHENTICATION CODE | |
| Authentication code | premarc |
| 050 00 - LIBRARY OF CONGRESS CALL NUMBER | |
| Classification number | D198.4.H25 |
| Item number | S2 |
| 100 1# - MAIN ENTRY--PERSONAL NAME | |
| Personal name | Saʻdāwī, Naẓīr, Ḥassān. |
| 245 13 - TITLE STATEMENT | |
| Title | al-Shaykh ʻīsá, |
| Remainder of title | qiṣṣah wāqiʻīyah li-shābb ʻIrāqī ʻamila bi-jaysh Ṣalāḥ al-Dīn, |
| Statement of responsibility, etc. | taʻlīf Nazīr Ḥassān Saʻdāwī. |
| 260 ## - PUBLICATION, DISTRIBUTION, ETC. | |
| Place of publication, distribution, etc. | [al-Qāhirah] |
| Name of publisher, distributor, etc. | Maktabat al-Nahḍah [al-Miṣrīyah, |
| Date of publication, distribution, etc. | 1962] |
| 300 ## - PHYSICAL DESCRIPTION | |
| Extent | 60 p. |
| Other physical details | illus., map. |
| Dimensions | 17 cm. |
| 490 0# - SERIES STATEMENT | |
| Series statement | Min aḅtāl al-qawmīyah al-ʻArabīyah. |
| 600 10 - SUBJECT ADDED ENTRY--PERSONAL NAME | |
| Personal name | Hakkārī, ʻIsā ibn Muḥammad, |
| Dates associated with a name | -1189 |
| Form subdivision | Juvenile literature. |
No items available.